|
|
|
|
| LEADER |
01815nam a2200385 a 4500 |
| 001 |
GR-Patra12613 |
| 003 |
GR-PaULI |
| 008 |
000518s1998 gr e 000 0 gre d |
| 040 |
|
|
|a GrPaTEI
|b gre
|c GR-PaULI
|
| 040 |
|
|
|a GrPaTEI
|b gre
|c GR-PaULI
|
| 245 |
0 |
0 |
|a Αύξηση και μείωση μετοχικού κεφαλαίου Α.Ε. από νομική, φορολογική και λογιστική άποψη /
|c Σπουδαστές: Μακρυδάκης Βασίλειος, Μητροφάνης Ηλίας, Σιαπλαούρας Νικόλαος ; Εισηγήτρια: Μήλια Βανέσα.
|
| 260 |
|
|
|a Πάτρα :
|b ΤΕΙ Πάτρας,
|c 1998
|
| 300 |
|
|
|a 202σ. ; πιν.
|
| 504 |
|
|
|a Βιβλιογραφία: σ.202
|
| 650 |
|
4 |
|a ΑΠΟΣΒΕΣΗ
|
| 650 |
|
4 |
|a ΙΣΟΛΟΓΙΣΜΟΣ
|
| 650 |
|
4 |
|a ΚΕΦΑΛΑΙΟ
|
| 650 |
|
4 |
|a Λογιστική
|
| 650 |
|
4 |
|a ΜΕΤΟΧΙΚΟ ΚΕΦΑΛΑΙΟ
|
| 650 |
|
4 |
|a ΝΟΜΙΚΟ ΠΛΑΙΣΙΟ
|
| 650 |
|
4 |
|a Πτυχιακή εργασία
|
| 650 |
|
4 |
|a Φορολογία
|
| 700 |
1 |
|
|a ΜΑΚΡΥΔΑΚΗΣ, ΒΑΣΙΛΕΙΟΣ
|
| 700 |
1 |
|
|a Μηλιά, Βανέσσα,
|c Εισηγήτρια
|
| 700 |
1 |
|
|a ΜΗΤΡΟΦΑΝΗΣ, ΗΛΙΑΣ
|
| 700 |
1 |
|
|a ΣΙΑΠΛΑΟΥΡΑΣ, ΝΙΚΟΛΑΟΣ
|
| 710 |
0 |
|
|a Σ.Δ.Ο..
|b Τμήμα Λογιστικής
|
| 710 |
0 |
|
|a Τ.Ε.Ι. Πάτρας
|
| 856 |
4 |
0 |
|u https://nereus.library.upatras.gr/formerpat/ptyxiakes/sdo/sdo_log/1996-2000/2558pe.pdf
|
| 907 |
|
|
|a .b2660128x
|b 15-04-20
|c 23-09-16
|
| 942 |
|
|
|2 ddc
|b LISK
|c ERST
|x GrPaTEI
|
| 952 |
|
|
|0 0
|1 0
|4 0
|7 0
|9 342653
|a LISK
|b LISK
|d 2021-11-12
|l 0
|r 2021-11-12 00:00:00
|w 2021-11-12
|y ERST
|x Μεταφορά από πΤΕΙ Δυτικής Ελλάδος
|
| 981 |
|
|
|p atra12613
|
| 998 |
|
|
|a 24
|b 15-01-16
|c m
|d u
|e -
|f gre
|g gr
|h 0
|
| 999 |
|
|
|c 197087
|d 197087
|